000 00646nam a2200217Ii 4500
001 19332
003 CO-ViMGA
008 241108s9999||||xx |||||||||||||| ||und||
020 _a9589235573
040 _aCO-ViMGA
_bspa
_erda
_cCO-ViMGA
041 0 _aspa
082 0 4 _a170 M17a
100 1 _aFernando Savater
_946860
245 1 0 _aAnálisis filosófico ética para Amador :
_bFernando Savater
264 1 _aBogotá, Colombia : Editorial Esquilo, 1999
300 _avolumen
336 _atext
_btxt
_2rdacontent
337 _aunmediated
_bn
_2rdamedia
338 _avolume
_bnc
_2rdacarrier
940 _aidficha_siabuc: 18989. -- ficha_no_siabuc:19332
999 _c41430
_d41430